header

SAP on DB2 Universal Database for OS/390 and z/OS (Record no. 210700)

MARC details
000 -LEADER
fixed length control field 01781nam a2200385Ia 4500
082 04 - DEWEY DECIMAL CLASSIFICATION NUMBER
Classification number 650/.0285/53769
245 00 - TITLE STATEMENT
Title SAP on DB2 Universal Database for OS/390 and z/OS
250 ## - EDITION STATEMENT
Edition statement 1st ed.
260 ## - PUBLICATION, DISTRIBUTION, ETC. (IMPRINT)
Place of publication White Plains, N.Y. :
Name of publisher IBM,
Year of publication c2003.
300 ## - PHYSICAL DESCRIPTION
Number of Pages xvi, 279 p. :
Other physical details ill.
490 1# - SERIES STATEMENT
Series statement Redbooks
500 ## - GENERAL NOTE
General note "This edition applies to SAP Basis Release 4.6C, 4.6D, 6.10, and 6.20, as well as all SAP products based on these SAP Basis Releases, for use with IBM DB2 Universal Database for OS/390 and z/OS."
General note "Hands-on scenarios to merge SAP components into an MCOD landscape. How to clone one SAP component using the Control Center. Recovery considerations in an MCOD landscape."
650 #0 - SUBJECT ADDED ENTRY--TOPICAL TERM
Topical Term IBM computers
Topical Term Business
Topical Term Computer systems
700 1# - ADDED ENTRY--PERSONAL NAME
Personal name Dubois, Florence.
856 40 - ELECTRONIC LOCATION AND ACCESS
Uniform Resource Identifier http://site.ebrary.com/lib/rucke/Doc?id=10112788

No items available.

© 2026 Rongo University
Contact us: librarian | system librarian | Rongo university